Statistics for NBA 2k21 all-time Phoenix Suns

Click here to take the quiz!

General Stats

  • This quiz has been taken 98 times
  • The average score is 7 of 15

Answer Stats

OverallPlayer% Correct
97Steve Nash
98%
86Devin Booker
94%
92Amar'e Stoudemire
82%
91Shawn Marion
64%
90Kevin Johnson
63%
94Dennis Johnson
61%
90Jason Kidd
48%
89Tom Chambers
45%
90Walter Davis
39%
89Paul Westphal
36%
88Dan Majerle
31%
85Alvan Adams
25%
88Larry Nance
18%
88Dick Van Arsdale
17%
90Charlie Scott
10%

Score Distribution

Percentile by Number Answered

Percent of People with Each Score

Your Score History

You have not taken this quiz